Statistiques concernant Loïc Nottet : titres de l'album Addictocrate

Cliquez ici pour prendre le quiz!

Statistiques générales

  • Ce quiz a été pris 69 fois
  • Le résultat moyen est 11 sur 13

Statistiques - réponses

IndiceChanson% Correct
1Addictocrate
97%
11Cygne
94%
13Mélodrame
91%
5Je t'haine
89%
7Con
86%
2Danser
86%
8Mis à mort
77%
6Monnaie
77%
4Révérence
74%
3Trouble-fête
74%
12Perfection?
71%
9Envie
69%
10Nuit blanche
66%

Distribution des résultats

Percentile par nombre de réponses

% des personnes avec chaque résultat

Votre développement - résultats

Vous n’avez pas pris ce quiz